LEADER 01083nam a2200265 i 4500 001 000000254800 003 CaOOAMICUS 005 20170627000000.0 008 170627s2010 it u000 u ita u 013 $a233705 020 $a978-88-7357-496-5 040 $aSeMil$bita 100 1 $aVanhoye, Albert,$c.$0(OLS)http://semarc/name/4665 245 13$aIl mistero della Pasqua :$bomelie delle Messe di Pasqua /$cAlbert Vanhoye. 260 $aRoma :$bAdP,$ccopyr. 2010. 300 $a29 p. ;$c17 cm. 490 0 $aAscolto della Parola 650 4$aOmelie Pasquali.$0(OLS)http://semarc/subject/35383 830 0$aAscolto della Parola.$0(OLS)http://semarc/title/13003 850 $aSeMil 852 $aSeMil$W1$xVenegono$y1$m5B III 46/14$j205146$B205146$CSeMilBibl$Z2$F218646 $81 961 $aLascito: Coronelli don Renato 996 $6020$a978-88-7357-496-5$9(OLS)http://semarc/number/278337 996 $6245$aIl mistero della Pasqua :$bomelie delle Messe di Pasqua$9(OLS)http://semarc/title/411159 996 $6260$aRoma :$bAdP$9(OLS)http://semarc/publisher/32136 LEADER 01425nas a2200253 i 4500 001 000000199969 003 CaOOAMICUS 005 20110406000000.0 008 110330b2010 it uu u0 0ita r 013 $a178667 040 $aSeMil$bita 245 12$aI nostri 145 anni ; Dino Buzzati :$bdue poesie ; Carlo Azeglio Ciampi : in ricordo di Gabriele De Rosa : El Alamein ... ; I giorni della "Strafexpedition" nel diario del Ministro Vincenzo Riccio ; Il difficile cammino dell'Europa. 260 $aFirenze :$bLe Monnier,$c2010. 260 $aFirenze :$bFondazione Spadolini Nuova Antologia,$c2010. 300 $a397 p. ;$c24 cm. 500 $aTitoli principali dalla copertina. 773 0 $tNuova Antologia.$dRoma : [s.n.] $x0029-6147$w()2541 774 0 $t[vedi periodico].$w()275016 850 $aSeMil 852 $aSeMil$W1$xVenegono$y1$m177 5 56$j150503$B150503$CSeMilBibl$Z2$F162116 $85 961 $aOmaggio: Ministero per i Beni e le Attività Culturali 996 $6245$aI nostri 145 anni ; Dino Buzzati :$bdue poesie ; Carlo Azeglio Ciampi : in ricordo di Gabriele De Rosa : El Alamein ... ; I giorni della "Strafexpedition" nel diario del Ministro Vincenzo Riccio ; Il difficile cammino dell'Europa$9(OLS)http://semarc/title/289128 996 $6260$aFirenze :$bFondazione Spadolini Nuova Antologia$9(OLS)http://semarc/publisher/44372 996 $6260$aFirenze :$bLe Monnier$9(OLS)http://semarc/publisher/30060 LEADER 00599nam a2200181 i 4500 001 000000103889 003 CaOOAMICUS 005 20011018000000.0 008 011018s1960 fr u000 u fre u 013 $a76070 040 $aSeMil$bita 245 10$aMystères-Passion. 300 $a1492 col. 773 0 $tDictionnaire de la Bible.$dParis : Letouzey et Ané, 1928-$gTome6$w()1495 850 $aSeMil 852 $aSeMil$W1$xVenegono$y1$mSL1.R VIII 41$j60336$B60336$CSeMilBibl$Z2$F44809 $8I 961 $aSottoscrizione: Letouzey et Ané 996 $6245$aMystères-Passion$9(OLS)http://semarc/title/150738